00505nam a2200169Ia 4500008004100000020001800041041000800059082001700067100001300084245006000097260004700157300000900204500004700213500003700260650002500297700001300322230125s9999 xx 000 0 und d a0-06-097184-3 aeng a658.314bPET aPeters T aThriving on chaos -Handbook for a management revolution c1987bHarper Collins PublishersaNew Delhi a706p aManahement revolution ,Management handbook aCreativity management;Motivation aPersonnel management aPeters T